000 00205nam a2200085Ia 4500
008 120527s9999 xx 000 0 und d
100 _aDolphin, D. warren
245 _aBiology: Laboratory manual
942 _cBK
999 _c27320
_d27320